Sahih Muslim (Record no. 4847)

MARC details
000 -LEADER
fixed length control field 00690nam a2200241 a 4500
020 ## - INTERNATIONAL STANDARD BOOK NUMBER
ISBN
082 00 - DEWEY DECIMAL CLASSIFICATION NUMBER
Classification number 297.124
Author Cutter MUS
100 ## - MAIN ENTRY--AUTHOR NAME
Author name Muslim,
245 ## - TITLE STATEMENT
Title Sahih Muslim
Sub title Being Traditions of the Sayings of the Prophet Muhammad as Na
260 ## - PUBLICATION, DISTRIBUTION, ETC. (IMPRINT)
Place of publication Lahore
Name of publisher Sh.Muhammad Ashraf
Year of publication 1976
500 ## - GENERAL NOTE
General note includes index and biblioraphy
505 2# - FORMATTED CONTENTS NOTE
Formatted contents note Illustrations,
505 2# - FORMATTED CONTENTS NOTE
Formatted contents note Illustrations,00
650 ## - SUBJECT ADDED ENTRY--TOPICAL TERM
Topical Term Hadith
942 ## - ADDED ENTRY ELEMENTS (KOHA)
Koha item type Books
700 1# -
-- Muslim,
Holdings
Collection code Home library Current library Shelving location Date acquired Cost, normal purchase price Full call number Accession Number Koha item type
Reference Henry Martyn Institute Library Henry Martyn Institute Library Reference 09/04/2018 276.00 297.124 MUS V.1 08236 Books
Reference Henry Martyn Institute Library Henry Martyn Institute Library Reference 09/04/2018 276.00 297.124 MUS V.2 08237 Books
Reference Henry Martyn Institute Library Henry Martyn Institute Library Reference 09/04/2018 276.00 297.124 MUS V.3 08238 Books
  Henry Martyn Institute Library Henry Martyn Institute Library   05/25/2018 276.00 297.124 MUS V.4 08239 Books
                   Copyright © 2026 | Henry Martyn Institute | Hyderabad | TS-500052 | INDIA | Implemented by hmi.edu.in
Hit-Count:

Powered by Koha